| LEADER |
01071nam0a2200205 450 |
| 001 |
16822623 |
| 010 |
|
|
|a 978-2-211-03693-1
|b br.
|d 8,5
|
| 100 |
|
|
|a 20100408d2026 u u0frey01 ba
|
| 101 |
0 |
|
|a fre
|
| 102 |
|
|
|a FR
|
| 200 |
0 |
|
|a Lettres d'amour de 0 à 10
|f Susie Morgenstern
|
| 207 |
|
1 |
|a
|
| 210 |
|
|
|a Paris
|b 11 rue de Sèvres.
|c L'Ecole des Loisirs
|d DL 2009
|
| 215 |
|
|
|a 210 p.
|c couv. ill. en coul.
|d 19 cm
|
| 225 |
1 |
|
|a Neuf
|x 0295-7191
|
| 330 |
|
|
|a Ernest a dix ans. Dix ans de vide : sa mère est morte le jour de sa naissance et son père a disparu. Dix ans d'ennui : sa vie avec sa grand-mère, prénommée Précieuse, n'a rien de très exaltant : école, goûter, devoirs, soupe... Pas de téléphone, pas de télévision...Seule distraction : une mystérieuse lettre que le grand-père d'Ernest avait envoyée du front pendant la guerre, une lettre indéchiffrable...
|
| 700 |
|
0 |
|a Morgenstern
|b Susie
|f 1945-....
|4 70
|
| 900 |
|
|
|a Roman (enfants)
|
| 901 |
|
|
|a Jeunesse
|
| 995 |
|
|
|a Médiathèque
|c Médiathèque
|f 089010907
|h 089010907
|k E MOR
|o p
|q j
|r az
|e Médiathèque
|